| 000 | 00513 a2200193 4500 | ||
|---|---|---|---|
| 003 | Nust | ||
| 005 | 20170207152512.0 | ||
| 010 | _a 89077260 | ||
| 020 | _a0133999653 | ||
| 040 | _cNust | ||
| 082 | 0 | 0 | _a621.382 |
| 100 | 1 | _aRoden, Martin S. | |
| 245 | 1 | 0 |
_aAnalog and digital communication systems / _cMartin S. Roden. |
| 250 | _a4th ed. | ||
| 260 |
_aEnglewood Cliffs, N.J. : _bPrentice Hall, _cc1991. |
||
| 300 |
_axvi, 505 p. : _bill. ; _c25 cm. |
||
| 650 | 0 | _aDigital communications. | |
| 650 | 0 | _aTelecommunication. | |
| 942 | _cREF | ||
| 999 |
_c175851 _d175851 |
||